Переписка (два входящих и одно исходящее письмо) Иллариона Васильевича Васильчикова с графом Михаилом Семеновичем Воронцовым об ...

Доступно только в Электронных читальных залах Найти на картеНа карте
RUSMARC
00003677nmc2a2200000 x 450
001400afa04-488f-4b82-8972-711e1802ec27
00520151217171712.0
100##$a20150603l18451845k l0rusy0189 ca
1010#$arus
$afre
102##$aRU
2001#$aПереписка (два входящих и одно исходящее письмо) Иллариона Васильевича Васильчикова с графом Михаилом Семеновичем Воронцовым об откупной системе и свободе торговли в Закавказье и копия отношения М.С. Воронцова к Федору Павловичу Вронченко о винном откупе
$j7 мая - июнь 1845 г.
251##$cДело
300##$aФранцузский и русский языки
801#0$aRU
$bРГИА
$c20150603
$gRCR
801#1$aRU
$bГлавНИВЦ
$c20150603
$2rusmarc
801#2$aRU
$bПБ им. Б.Н. Ельцина
$c20151217
$gRCR
$2rusmarc
850##$aРГИА
852##$aРГИА
$eФедеральное казенное учреждение "Российский государственный исторический архив" (РГИА)
$j59
937##$hРГИА
$d12146229
$aASBIBLIO_SCAN
462#0$1001822e29f6-cf5c-4253-b938-c1de610979e5
$12001
$aАрхив князей Васильчиковых. 1706-1917 гг.
$1251
$cОпись
$1852
$j1
461#0$1001f72a1ecb-9a9a-44e3-87ff-4a647e6521fe
$12001
$aВасильчиковы, князья
$1251
$cФонд
$1852
$j651
215##$a12 л.
$d36,5х26 см
371##$aДокумент не является опубликованным и широко распространяемым
105##$ay###
1222#$ad
035##$a400afa04-488f-4b82-8972-711e1802ec27
Формат отображения